000 01250nam a2200385 c 4500
999 _c50271
_d50271
001 50271
003 ES-MaCES
005 20171129111124.0
008 171124s2017 sp 000 | spa d
017 _aBI 1303-2017
_bDL
020 _a9788491435662
040 _aES-MaCES
_bspa
_cES-MaCES
100 1 _aRío Montesdeoca, Luis del
_922074
245 1 0 _aSiniestralidad laboral
_b: comisión por omisión y peligro concreto
_cLuis de Río Montesdeoca
260 _aValencia
_bTirant lo Blanch
_c2017
300 _a139 p.
_c21 cm
490 1 _aDelitos
_v130
504 _aBibliografía: p. 135-139
541 _cCompra
650 4 _aaccidente de trabajo
_928345
650 4 _alesión profesional
_929813
650 4 _adelito
_927046
650 4 _ariesgo
_929564
650 4 _aseguridad en el trabajo
_928348
650 4 _aresponsabilidad del empleador
_930146
650 4 _aderecho del trabajo
_927165
650 4 _aderecho penal
_927159
650 4 _aEspaña
_926964
650 4 _arégimen jurídico
_929894
653 1 0 _aDerecho del trabajo y Seguridad Social
775 0 _tSeguridad Social
_w(ES-MaCES)23876
830 4 _933849
_aLos delitos (Tirant lo Blanc (Firma))
_v130
902 _aLIB Libro
942 _2CES
_cBK
_h6.0.1.